| 000 -LEADER |
| fixed length control field |
00687pam a2200193 i 4500 |
| 020 ## - INTERNATIONAL STANDARD BOOK NUMBER |
| ISBN |
0884217795 |
| 040 ## - CATALOGING SOURCE |
| Transcribing agency |
DLC |
| 082 ## - DEWEY DECIMAL CLASSIFICATION NUMBER |
| Classification number |
646 BUT 1979 A106 Or. |
| 245 00 - TITLE STATEMENT |
| Title |
Creative living : |
| Remainder of title |
basic concepts in home economics / |
| 260 0# - PUBLICATION, DISTRIBUTION, ETC. (IMPRINT) |
| Place of publication |
New York : |
| Name of publisher |
Butterick Pub., |
| Year of publication |
c1979 |
| 300 ## - PHYSICAL DESCRIPTION |
| Number of Pages |
viii, 504 p. : |
| Other physical details |
ill. ; |
| Dimensions |
24 cm |
| 500 ## - GENERAL NOTE |
| General note |
$9.95 |
| 500 ## - GENERAL NOTE |
| General note |
Secondary |
| 520 ## - SUMMARY, ETC. |
| Summary, etc |
Discusses basic concepts of personal and family relationships, consumer education, housing, food, nutrition, clothing, and textiles and other aspects of home management and day-to-day living |
| 650 #0 - SUBJECT ADDED ENTRY--TOPICAL TERM |
| Topical Term |
Home economics |
| 700 10 - ADDED ENTRY--PERSONAL NAME |
| Personal name |
Foster, Josephine A., |
| 710 21 - ADDED ENTRY--CORPORATE NAME |
| Corporate name or jurisdiction name as entry element |
Butterick Publishing |
| 942 ## - ADDED ENTRY ELEMENTS (KOHA) |
| Koha item type |
សៀវភៅភាសាអង់គ្លេស |
| 952 ## - LOCATION AND ITEM INFORMATION (KOHA) |
| Withdrawn status [LOCAL, KOHA] |
0 |